000 00624nam a2200253Ia 4500
003 OSt
005 20220912150928.0
006 a|||||r|||| 00| 0
007 ta
008 220909b |||||||| |||| 00| 0 eng d
024 _a43284
037 _cTextual
040 _aCSL
_beng
_cCSL
041 _aeng
082 _aG116:6, L6
100 _aMaclean Norman
245 0 _aControl of gene expression
260 _aLondon
_bAcademic Press
_c1976
300 _axi, 348p.
_ccm.
650 _a Gene
650 _aBiology
942 _hG116:6, L6
_cTEXL
_2CC
999 _c57740
_d57740